|
|
|
|
| LEADER |
00968nab#a2200349#ar4500 |
| 001 |
000032113 |
| 003 |
SVKKK |
| 005 |
00000000000000.0 |
| 008 |
c xo e sloo |
| FMT |
|
|
|
| 038 |
|
|
|a SVKKK
|
| 040 |
|
|
|a SVKKK
|b slo
|e AACR2
|
| 041 |
0 |
|
|a slo
|
| 044 |
|
|
|a xo
|c SK
|
| 080 |
|
|
|a 262.
|2 1981
|
| 080 |
|
|
|a 281.9
|2 1981
|
| 080 |
|
|
|a 929 Hirka, Já
|2 1981
|
| 100 |
1 |
|
|a Pribula, M
|4 aut
|
| 245 |
1 |
0 |
|a Vzácne jubileum biskupa J. Hirku
|c Pribula M,
|
| 300 |
|
|
|b Fotogr
|
| 600 |
1 |
4 |
|a Hirka, Ján,
|d 1923,
|x biskup gréckokatolícky
|x Abrahámovce
|x rodák
|x Prešov
|x pôsobenie
|
| 650 |
0 |
4 |
|a Hirka, Ján (1923-,)
|x výsviacka kňazská
|x výročie 50.
|z Cirkev gréckokatolícka
|
| 650 |
0 |
4 |
|a slávnosť cirkevná
|x Prešov
|x informácie
|
| 773 |
0 |
|
|t M Rosa
|g Roč. 7, č. 9(1999), s. 5
|
| 957 |
|
|
|a Abrahámovce
|
| 957 |
|
|
|a Prešov
|
| 958 |
|
|
|a PO
|
| 974 |
|
|
|d 991015
|a SAB
|
| 992 |
|
|
|a RBX
|
| BAS |
|
|
|
| 852 |
|
|
|a SVKKK
|b BIB
|
| 998 |
|
|
|a REG
|